The mark of the Christian / (Record no. 6029)
[ view plain ]
| 000 -LEADER | |
|---|---|
| fixed length control field | 00629nam a22002177a 4500 |
| 003 - CONTROL NUMBER IDENTIFIER | |
| control field | GBCCL |
| 005 - DATE AND TIME OF LATEST TRANSACTION | |
| control field | 20241126110554.0 |
| 008 - FIXED-LENGTH DATA ELEMENTS--GENERAL INFORMATION | |
| fixed length control field | 180420b ||||| |||| 00| 0 eng d |
| 020 ## - INTERNATIONAL STANDARD BOOK NUMBER | |
| International Standard Book Number | 0851100295 |
| 040 ## - CATALOGING SOURCE | |
| Transcribing agency | gbc |
| 082 ## - DEWEY DECIMAL CLASSIFICATION NUMBER | |
| Classification number | 248.5 |
| Item number | SCH |
| 100 ## - MAIN ENTRY--PERSONAL NAME | |
| Personal name | Schaeffer, Francis A. |
| 9 (RLIN) | 6208 |
| 245 ## - TITLE STATEMENT | |
| Title | The mark of the Christian / |
| Statement of responsibility, etc. | Francis A. Schaeffer |
| 250 ## - EDITION STATEMENT | |
| Edition statement | Reprint |
| 260 ## - PUBLICATION, DISTRIBUTION, ETC. | |
| Place of publication, distribution, etc. | London: |
| Name of publisher, distributor, etc. | Inter-Varsity Press, |
| Date of publication, distribution, etc. | 1971 |
| 300 ## - PHYSICAL DESCRIPTION | |
| Extent | 36 p.; |
| Dimensions | 18 cm. |
| 650 ## - SUBJECT ADDED ENTRY--TOPICAL TERM | |
| Topical term or geographic name entry element | Love |
| Form subdivision | Religious aspects |
| General subdivision | Christianity |
| 9 (RLIN) | 10243 |
| 650 ## - SUBJECT ADDED ENTRY--TOPICAL TERM | |
| Topical term or geographic name entry element | Christian life |
| 9 (RLIN) | 183 |
| 650 ## - SUBJECT ADDED ENTRY--TOPICAL TERM | |
| Topical term or geographic name entry element | Religion |
| Form subdivision | Christian' Theology |
| General subdivision | Ethics |
| 9 (RLIN) | 10872 |
| 942 ## - ADDED ENTRY ELEMENTS (KOHA) | |
| Source of classification or shelving scheme | Dewey Decimal Classification |
| Koha item type | Books |
| Koha issues (borrowed), all copies | 1 |
| Withdrawn status | Lost status | Source of classification or shelving scheme | Damaged status | Not for loan | Home library | Current Library | Shelving location | Date acquired | Total checkouts | Full call number | Barcode | Date last seen | Date last checked out | Copy number | Price effective from | Koha item type |
|---|---|---|---|---|---|---|---|---|---|---|---|---|---|---|---|---|
| Dewey Decimal Classification | GRACE BIBLE COLLEGE | GRACE BIBLE COLLEGE | Ministry & Mission | 2018-04-20 | 1 | 248.5 SCH | 001147 | 2025-05-01 | 2024-09-09 | c.1 | 2018-04-20 | Books | ||||
| Dewey Decimal Classification | GRACE BIBLE COLLEGE | GRACE BIBLE COLLEGE | Ministry & Mission | 2018-05-02 | 248.5 SCH | 001148 | 2025-05-01 | c.2 | 2018-05-02 | Books |